Statistiques concernant Pays plus larges que hauts

Cliquez ici pour prendre le quiz!

Statistiques générales

  • Ce quiz a été pris 5 485 fois
  • Le résultat moyen est 8 sur 20

Statistiques - réponses

RatioContinentPays% Correct
2.26EuropeRussie
90%
1.80Amérique du NordÉtats-Unis
85%
2.14AsieMongolie
63%
2.39Amérique du NordCuba
60%
2.58AsieTurquie
53%
1.76AsieKazakhstan
52%
1.85AsieNépal
50%
2.56Amérique du NordJamaïque
49%
2.96AfriqueGambie
39%
2.06EuropeSlovaquie
38%
1.76EuropeTchéquie
35%
1.85AsieBhoutan
33%
2.04Amérique du NordHonduras
33%
1.78AfriqueRépublique Centrafricaine
31%
2.08Amérique du NordSalvador
30%
2.22AsieKirghizistan
27%
1.77AsieGéorgie
23%
2.04AsieChypre
19%
2.36AsieTimor Oriental
15%
2.09AfriqueGuinée-Bissau
12%

Distribution des résultats

Percentile par nombre de réponses

% des personnes avec chaque résultat

Votre développement - résultats

Vous n’avez pas pris ce quiz